| 000 | 00641nam a22002177a 4500 | ||
|---|---|---|---|
| 008 | 150518b xxu||||| |||| 00| 0 eng d | ||
| 020 | _a9780073380315 | ||
| 020 | _a0073380318 | ||
| 041 | 0 | _aeng | |
| 080 | _a621 | ||
| 100 | 1 |
_aCostanzo, Francesco, _d1964- |
|
| 245 | 0 | 0 |
_aEngineering mechanics : _cFrancesco Costanzo, Michael E. Plesha, Gary L. Gray. |
| 250 | _a2nd ed. | ||
| 260 |
_aNew York, NY : _bMcGraw-Hill, _c2013. |
||
| 300 |
_a765f _bme il _c28 cm. |
||
| 500 | _aIncludes index. | ||
| 650 | 0 |
_aMechanics, Applied _vTextbooks. |
|
| 700 | 1 | _aPlesha, Michael E. | |
| 700 | 1 | _aGray, Gary L. | |
| 942 |
_2udc _cBK |
||
| 999 |
_c811 _d811 |
||